000 00618nam a22002057a 4500
003 SISC
005 20170601140903.0
008 170601b xxu||||| |||| 00| 0 eng d
020 _a9781259253379
050 _aQD 251.2
_b.C273 2017
100 _aCarey, Francis A.
245 _aOrganic chemistry /
_cFrancis A. Carey, Robert M. Giuliano.
260 _aNY :
_bMcGraw Hill,
_c2017.
300 _axxv, 1155 pages :
_bcolorful illustrations ;
_c25 cm.
500 _aIncludes glossary and index.
650 _aChemistry, Organic.
650 _aChimie organique.
650 _aOrganic chemistry.
942 _2lcc
_cBK
999 _c335197
_d335197